|
|
|
|
| LEADER |
00721nam a22001697a 4500 |
| 020 |
|
|
|a 0-07-050275-7
|
| 082 |
|
|
|a 658.3
|b SAI/H
|
| 100 |
|
|
|a Mirza S. Saiyadain
|9 171055
|
| 245 |
|
|
|a Human Resources Management
|
| 250 |
|
|
|a Ed-3
|
| 260 |
|
|
|a New Delhi
|b Tata McGraw-Hill Publishing company Ltd.
|c 1988
|
| 300 |
|
|
|a xvi+509p.
|
| 650 |
|
|
|a Human Resources Management
|9 171056
|
| 942 |
|
|
|c BBK
|
| 999 |
|
|
|c 188688
|d 188684
|
| 952 |
|
|
|0 0
|1 0
|4 0
|6 658_300000000000000_SAI_H
|7 0
|8 NFIC
|9 188687
|a SMBS
|b SMBS
|c FIC
|d 2015-07-22
|l 1
|o 658.3 SAI/H
|p SMBSS282
|r 2016-11-14
|s 2016-02-04
|w 2015-07-22
|y BBK
|
| 952 |
|
|
|0 0
|1 0
|4 0
|6 658_300000000000000_SAI_H
|7 0
|8 G
|9 188688
|a SMBS
|b SMBS
|c GEN
|d 2015-11-11
|l 6
|o 658.3 SAI/H
|p SMBSG1232
|r 2019-07-08
|s 2019-06-03
|w 2019-10-16
|y BK
|